Statistics for License Plates Picture Quiz - Yellow Box

Click here to take the quiz!

General Stats

  • This quiz has been taken 23 times
  • The average score is 16 of 24

Answer Stats

Answer% Correct
Russia
94%
Germany
89%
Iceland
89%
Morocco
89%
United Kingdom
89%
Canada
83%
Cuba
83%
Georgia
83%
United States
83%
Switzerland
78%
China
72%
Japan
72%
Monaco
72%
Austria
67%
South Korea
67%
Venezuela
67%
Australia
61%
Ireland
50%
Andorra
44%
South Africa
44%
Egypt
39%
Liechtenstein
33%
Sri Lanka
28%
Vatican City
17%

Score Distribution

Percentile by Number Answered

Percent of People with Each Score

Your Score History

You have not taken this quiz